000 00723nam a2200205Ii 4500
003 JO-AjNU
008 230605s9999||||xx |||||||||||||| ||und||
017 _a1472
040 _aJO-AjNU
_bara
_erda
_cJO-AjNU
041 _aara
050 1 4 _aQA268.J4734 1982
100 3 _aجربو، داخل حسن/ م. مشارك محمد جواد عبدالله الموسوي,
_eauthor
_935947
245 0 0 _aاسس التصميم المنطقي وتطبيقاتة
264 3 1 _aالبصرة:جامعة البصرة ، 1982
300 _a335ص
336 _atext
_btxt
_2rdacontent
337 _aunmediated
_bn
_2rdamedia
338 _avolume
_bnc
_2rdacarrier
650 4 _aالدوائر الالكترونية-تصميم
_935948
999 _aA14890
_c18458
_d18458